NASCAR Champions Who Have Won the Daytona 500 - Statistics

General Stats
  • This quiz has been taken 358 times
  • The average score is 14 of 16
Answer Stats
Hint Driver % Correct
7-time champion; 1998 Daytona 500 winner Dale Earnhardt
98%
7-time champion; 2-time Daytona 500 winner Jimmie Johnson
98%
7-time champion; 7-time Daytona 500 winner Richard Petty
98%
4-time champion; 3-time Daytona 500 winner Jeff Gordon
97%
2014 champion; 2007 Daytona 500 winner Kevin Harvick
94%
3-time champion; 1959 Daytona 500 winner Lee Petty
94%
2004 champion; 2017 Daytona 500 winner Kurt Busch
92%
3-time champion; 2015 Daytona 500 winner Joey Logano
91%
2003 champion; 2-time Daytona 500 winner Matt Kenseth
87%
3-time champion; 1989 Daytona 500 winner Darrell Waltrip
83%
1999 champion; 3-time Daytona 500 winner Dale Jarrett
80%
1983 champion; 3-time Daytona 500 winner Bobby Allison
79%
3-time champion; 4-time Daytona 500 winner Cale Yarborough
78%
3-time champion; 1976 Daytona 500 winner David Pearson
75%
1988 champion; 2-time Daytona 500 winner Bill Elliott
74%
1973 champion; 1975 Daytona 500 winner Benny Parsons
61%
No matching quizzes found
Score Distribution
Percent of People with Each Score
Percentile by Number Answered
Your Score History
You have not taken this quiz